| 000 | 01233cam a2200313 a 4500 | ||
|---|---|---|---|
| 001 | 12946098 | ||
| 003 | ARRUPE | ||
| 005 | 20220405083953.0 | ||
| 008 | 020926s2002 enka b 001 0deng | ||
| 010 | _a 2002514396 | ||
| 020 | _a0192802585 | ||
| 040 |
_aDLC _cDLC _dDLC |
||
| 042 | _apcc | ||
| 050 | 0 | 0 |
_aB1649.R94 _bG743 2002 |
| 082 | 0 | 0 |
_a192 _aB _221 |
| 100 | 1 |
_aGrayling, A. C. _95558 |
|
| 245 | 1 | 0 |
_aRussell : _ba very short introduction / _cA.C. Grayling. |
| 260 |
_aOxford ; _aNew York : _bOxford University Press, _c2002. |
||
| 300 |
_a147 p. : _bill. ; _c18 cm. |
||
| 440 | 0 |
_aVery short introductions ; _v59 |
|
| 504 | _aIncludes bibliographical references (p. 139-140) and index. | ||
| 600 | 1 | 0 |
_aRussell, Bertrand, _d1872-1970. _911326 |
| 856 | 4 | 2 |
_3Publisher description _uhttp://www.loc.gov/catdir/enhancements/fy0614/2002514396-d.html |
| 856 | 4 | 1 |
_3Table of contents only _uhttp://www.loc.gov/catdir/enhancements/fy0614/2002514396-t.html |
| 856 | 4 | 2 |
_3Contributor biographical information _uhttp://www.loc.gov/catdir/enhancements/fy0725/2002514396-b.html |
| 906 |
_a7 _bcbc _corignew _d2 _encip _f20 _gy-gencatlg |
||
| 942 |
_2lcc _cMONOGRAPH |
||
| 999 |
_c131230 _d131230 |
||